[Event "FRA-ch Blitz"]
[Site "Port Marly"]
[Date "2022.05.28"]
[Round "8"]
[White "Karagyozian, Edgar"]
[Black "Vlachos, Anatole"]
[Result "0-1"]
[WhiteElo "2202"]
[BlackElo "2410"]
[PlyCount "135"]
[EventDate "2022.05.28"]
[EventType "swiss (blitz)"]
[EventRounds "13"]
[EventCountry "FRA"]
[SourceTitle "CBM 208 Extra"]
[Source "ChessBase"]
[SourceDate "2022.07.31"]
[SourceVersion "1"]
[SourceVersionDate "2022.07.31"]
[SourceQuality "1"]

1. d4 d5 2. Nf3 e6 3. Nbd2 Nf6 4. e3 c5 5. c3 Nc6 6. Bd3 Qc7 7. Qe2 Be7 8. 0-0 0-0 9. dxc5 Bxc5 10. e4 dxe4 11. Nxe4 Be7 12. Nxf6+ Bxf6 13. Qe4 g6 14. Bh6 Rd8 15. Rad1 e5 16. Qe3 Be6 17. Bb1 Rxd1 18. Rxd1 Rd8 19. Rd2 Qe7 20. h3 Bd5 21. Be4 Bxe4 22. Qxe4 Qe6 23. Rxd8+ Bxd8 24. b3 f5 25. Qe3 Bb6 26. Qd2 Bc7 27. Ng5 Qd6 28. Qe2 Qd5 29. Nf3 e4 30. Ng5 Ne5 31. g3 Bd8 32. Qe3 Bb6 33. Qe2 Qd3 34. Qxd3 Nxd3 35. Kf1 Nxf2 36. h4 Nd3 37. Ne6 Ne5 38. Bf4 Nf3 39. Ke2 Kf7 40. Ng5+ Nxg5 41. hxg5 Ke6 42. c4 Bd4 43. a3 Bb2 44. a4 Bc3 45. Ke3 Kd7 46. Ke2 Kc6 47. Be3 a6 48. Kd1 Be5 49. Bf2 f4 50. gxf4 Bxf4 51. Bh4 Kc5 52. Kc2 e3 53. Kd3 Kb4 54. c5 Kxb3 55. a5 Kb4 56. Ke4 Bc7 57. Kxe3 Kxc5 58. Ke4 Kb5 59. Kd5 Kxa5 60. Ke6 b5 61. Kf7 b4 62. Be1 Kb5 63. Kg7 Bf4 64. Kxh7 Bxg5 65. Kxg6 b3 66. Bc3 Bd2 67. Bb2 Kb4 68. Bc1 0-1

[Event "FRA-ch Blitz"]
[Site "Port Marly"]
[Date "2022.05.28"]
[Round "13"]
[White "Rakotomaharo, Fy Antenaina"]
[Black "Karagyozian, Edgar"]
[Result "1-0"]
[WhiteElo "2467"]
[BlackElo "2202"]
[PlyCount "73"]
[EventDate "2022.05.28"]
[EventType "swiss (blitz)"]
[EventRounds "13"]
[EventCountry "FRA"]
[SourceTitle "CBM 208 Extra"]
[Source "ChessBase"]
[SourceDate "2022.07.31"]
[SourceVersion "1"]
[SourceVersionDate "2022.07.31"]
[SourceQuality "1"]

1. e4 d5 2. exd5 Nf6 3. Nf3 Nxd5 4. d4 e6 5. c4 Nf6 6. Nc3 Be7 7. Bd3 0-0 8. 0-0 b6 9. Bg5 Bb7 10. Qe2 Nbd7 11. Rad1 Re8 12. Rfe1 Nf8 13. Ne5 N6d7 14. Bf4 Ng6 15. Bg3 Qc8 16. h4 Ndxe5 17. dxe5 Bxh4 18. Bxh4 Nxh4 19. Bxh7+ Kxh7 20. Qh5+ Kg8 21. Qxh4 Rd8 22. Qe7 Re8 23. Qg5 Rd8 24. Ne2 Rd7 25. Ng3 Qd8 26. Qg4 g6 27. Nh5 Rxd1 28. Rxd1 Qe7 29. Rd7 Qb4 30. Qf4 Qe1+ 31. Kh2 Rf8 32. Qf6 gxh5 33. Qg5+ Kh7 34. Qxh5+ Kg7 35. Qg5+ Kh7 36. Rd3 Bxg2 37. Qh5+ 1-0

[Event "Nancy Blitz 19th"]
[Site "Nancy"]
[Date "2021.10.23"]
[Round "9"]
[White "Lagarde, Maxime"]
[Black "Karagyozian, Edgar"]
[Result "1-0"]
[WhiteElo "2640"]
[BlackElo "2194"]
[PlyCount "85"]
[EventDate "2021.10.23"]
[EventType "swiss (blitz)"]
[EventRounds "11"]
[EventCountry "FRA"]
[SourceTitle "CBM 204 Extra"]
[Source "ChessBase"]
[SourceDate "2021.11.30"]
[SourceVersion "1"]
[SourceVersionDate "2021.11.30"]
[SourceQuality "1"]

1. e4 d5 2. exd5 Nf6 3. d4 Nxd5 4. Nf3 e6 5. Be2 Be7 6. 0-0 0-0 7. c4 Nf6 8. Nc3 c5 9. d5 exd5 10. cxd5 h6 11. h3 Bd6 12. Nd2 a6 13. a4 Nbd7 14. Nc4 Ne5 15. Nxd6 Qxd6 16. Be3 Bd7 17. Qd2 Ng6 18. a5 Rfe8 19. Rfd1 Nh4 20. Bf4 Qe7 21. Re1 Ne4 22. Nxe4 Qxe4 23. Bf1 Qg6 24. Qc3 Bb5 25. Qg3 Bxf1 26. Kxf1 Qh5 27. Qg4 Qxg4 28. hxg4 Ng6 29. Bg3 Red8 30. d6 Rd7 31. Rac1 Rc8 32. b4 c4 33. Re4 c3 34. Re3 Rc4 35. Rexc3 Rxb4 36. Rc7 Nf8 37. Re1 Kh7 38. Re8 Rb1+ 39. Ke2 Rb2+ 40. Kd1 Rb5 41. Rxf8 Rd5+ 42. Ke2 Re5+ 43. Bxe5 1-0

[Event "Nancy Meurthe rapid 17th"]
[Site "Nancy"]
[Date "2019.02.24"]
[Round "4"]
[White "Berend, Elvira S"]
[Black "Karagyozian, Edgar"]
[Result "1-0"]
[WhiteElo "2340"]
[BlackElo "2195"]
[PlyCount "127"]
[EventDate "2019.02.24"]
[EventType "swiss (rapid)"]
[EventRounds "9"]
[EventCountry "FRA"]
[SourceTitle "CBM 189 Extra"]
[Source "ChessBase"]
[SourceDate "2019.06.03"]
[SourceVersion "1"]
[SourceVersionDate "2019.06.03"]
[SourceQuality "1"]

1. d4 d5 2. Nf3 Nf6 3. c4 e6 4. g3 c6 5. Bg2 Bd6 6. 0-0 0-0 7. b3 Qe7 8. Bb2 Ne4 9. Nbd2 f5 10. Ne5 Nd7 11. f3 Nxe5 12. fxe4 Ng4 13. e5 Ba3 14. Qc1 Bxb2 15. Qxb2 Bd7 16. Rf3 Qg5 17. Nf1 Be8 18. Qd2 Qxd2 19. Nxd2 Bh5 20. Rc3 f4 21. Bf3 Rf5 22. h3 Nh6 23. g4 Rg5 24. h4 Rg6 25. g5 Ng4 26. Kh1 h6 27. Rg1 Nf2+ 28. Kg2 Bxf3+ 29. exf3 hxg5 30. Kxf2 Rf8 31. hxg5 Rf5 32. cxd5 exd5 33. b4 a6 34. a4 Rfxg5 35. Rxg5 Rxg5 36. b5 axb5 37. axb5 Rg6 38. bxc6 bxc6 39. Rb3 Rh6 40. Nf1 Kf7 41. Rb7+ Kg6 42. Rc7 Kf5 43. Rxg7 c5 44. Rf7+ Kg5 45. dxc5 Rc6 46. Nh2 Rxc5 47. Ng4 Rc2+ 48. Ke1 Rc6 49. Rd7 Kh4 50. Rxd5 Kg3 51. Rd3 Kh4 52. Rd6 Rc1+ 53. Ke2 Kg3 54. Nf6 Rc2+ 55. Rd2 Rc6 56. Ne4+ Kg2 57. Nd6 Rc3 58. Rd3 Rc5 59. Nf7 Rc2+ 60. Kd1 Rc6 61. Ng5 Rc5 62. Rd2+ Kf1 63. Nh3 Rc2 64. Kxc2 1-0

[Event "Nancy Meurthe rapid 17th"]
[Site "Nancy"]
[Date "2019.02.24"]
[Round "3"]
[White "Karagyozian, Edgar"]
[Black "Sebag, Marie"]
[Result "1/2-1/2"]
[WhiteElo "2195"]
[BlackElo "2476"]
[PlyCount "124"]
[EventDate "2019.02.24"]
[EventType "swiss (rapid)"]
[EventRounds "9"]
[EventCountry "FRA"]
[SourceTitle "CBM 189 Extra"]
[Source "ChessBase"]
[SourceDate "2019.06.03"]
[SourceVersion "1"]
[SourceVersionDate "2019.06.03"]
[SourceQuality "1"]

1. d4 d5 2. Nf3 Nf6 3. Nbd2 Bf5 4. e3 e6 5. c4 c6 6. Qb3 Qb6 7. a3 Nbd7 8. Qc3 Be7 9. Bd3 Bxd3 10. Qxd3 0-0 11. 0-0 a5 12. b3 a4 13. b4 Qa6 14. Bb2 Nb6 15. Rac1 dxc4 16. Nxc4 Nxc4 17. Rxc4 Ne4 18. Ne5 Nd6 19. Rc2 Qxd3 20. Nxd3 Nb5 21. Rfc1 Rfd8 22. Kf1 f6 23. Nf4 Kf7 24. Ne2 Rd5 25. Nc3 Nxc3 26. Rxc3 Rad8 27. R3c2 h5 28. h4 e5 29. e4 R5d7 30. dxe5 fxe5 31. Bxe5 Bxh4 32. Bf4 Rd4 33. f3 Bf6 34. b5 cxb5 35. Rc7+ R8d7 36. Rxd7+ Rxd7 37. Rb1 Rd3 38. Rxb5 Rxa3 39. Rxb7+ Ke6 40. Rb6+ Kd7 41. e5 Bd8 42. Rg6 Ra2 43. e6+ Ke8 44. Rxg7 Bf6 45. Ra7 Bd4 46. Rd7 Bf6 47. Rf7 Be7 48. Rh7 Bf6 49. Rh6 Ke7 50. Rxh5 a3 51. Be3 Rc2 52. Bc5+ Rxc5 53. Rxc5 a2 54. Ra5 a1Q+ 55. Rxa1 Bxa1 56. Ke2 Kxe6 57. f4 Kf5 58. Kf3 Bb2 59. g4+ Kf6 60. Ke4 Bc1 61. g5+ Kg6 62. Kf3 Kf5 1/2-1/2

[Event "Nancy Meurthe blitz 17th"]
[Site "Nancy"]
[Date "2019.02.23"]
[Round "3"]
[White "Karagyozian, Edgar"]
[Black "Aubert, Laurent"]
[Result "0-1"]
[WhiteElo "2195"]
[BlackElo "2192"]
[PlyCount "84"]
[EventDate "2019.02.24"]
[EventType "swiss (blitz)"]
[EventRounds "11"]
[EventCountry "FRA"]
[SourceTitle "CBM 189 Extra"]
[Source "ChessBase"]
[SourceDate "2019.06.03"]
[SourceVersion "1"]
[SourceVersionDate "2019.06.03"]
[SourceQuality "1"]

1. d4 d5 2. Nf3 Nf6 3. Nbd2 Bf5 4. e3 e6 5. c4 c6 6. Qb3 Qb6 7. a3 Be7 8. Qc3 0-0 9. Bd3 Bxd3 10. Qxd3 Rd8 11. 0-0 Nbd7 12. b4 a5 13. b5 dxc4 14. Nxc4 Qxb5 15. Rb1 Qh5 16. Qc2 b5 17. Nce5 c5 18. Nc6 Re8 19. Nxe7+ Rxe7 20. Rxb5 Ree8 21. a4 Rec8 22. Ba3 cxd4 23. Qd3 Qg6 24. Qxg6 hxg6 25. Nxd4 Rc4 26. h3 Rxa4 27. Rb3 Ne4 28. Rc1 Ne5 29. Nc6 Nxc6 30. Rxc6 Rd8 31. f3 Rd1+ 32. Kh2 Nd2 33. Rb8+ Kh7 34. Rcc8 g5 35. Be7 Nf1+ 36. Kg1 Nxe3+ 37. Kf2 Nf5 38. Rc2 Nxe7 39. Rb5 Nf5 40. g4 Nh4 41. Rxg5 Rd3 42. Rh5+ Kg6 0-1

[Event "Nancy Meurthe blitz 17th"]
[Site "Nancy"]
[Date "2019.02.23"]
[Round "7"]
[White "Karagyozian, Edgar"]
[Black "Berend, Fred"]
[Result "1-0"]
[WhiteElo "2195"]
[BlackElo "2373"]
[PlyCount "80"]
[EventDate "2019.02.24"]
[EventType "swiss (blitz)"]
[EventRounds "11"]
[EventCountry "FRA"]
[SourceTitle "CBM 189 Extra"]
[Source "ChessBase"]
[SourceDate "2019.06.03"]
[SourceVersion "1"]
[SourceVersionDate "2019.06.03"]
[SourceQuality "1"]

1. d4 Nf6 2. Nf3 e6 3. Nbd2 c5 4. e3 b6 5. Bd3 Bb7 6. 0-0 Be7 7. Qe2 0-0 8. Rd1 d6 9. c3 Nbd7 10. e4 cxd4 11. cxd4 e5 12. dxe5 dxe5 13. Nc4 Qb8 14. Bg5 h6 15. Bh4 Re8 16. Rac1 Nh5 17. Bxe7 Rxe7 18. g3 Nhf6 19. Nh4 g6 20. f3 Nc5 21. Bb1 Ne6 22. Qe3 Kh7 23. Nd6 Nd4 24. Nc4 Nd7 25. Ng2 Nc5 26. Nxe5 Qxe5 27. Qxd4 Qxd4+ 28. Rxd4 Kg7 29. Rcd1 Rc8 30. Nf4 Re5 31. Kf2 Rc7 32. Nd3 Nxd3+ 33. Bxd3 Kf6 34. Ke3 Re8 35. Bc4 a6 36. Bb3 Ke7 37. e5 Rec8 38. f4 Bc6 39. Rd6 a5 40. Rf6 Kf8 1-0

[Event "Paris Oscaro blitz"]
[Site "Paris"]
[Date "2017.09.16"]
[Round "3"]
[White "Karagyozian, Edgar"]
[Black "Fridman, Daniel"]
[Result "1-0"]
[WhiteElo "2225"]
[BlackElo "2625"]
[PlyCount "103"]
[EventDate "2017.09.16"]
[EventType "swiss (blitz)"]
[EventRounds "9"]
[EventCountry "FRA"]
[SourceTitle "CBM 180 Extra"]
[Source "ChessBase"]
[SourceDate "2017.10.06"]
[SourceVersion "1"]
[SourceVersionDate "2017.10.06"]
[SourceQuality "1"]

1. d4 Nf6 2. Nf3 d5 3. Nbd2 c5 4. e3 e6 5. c3 Nbd7 6. Bd3 b6 7. Qe2 Bb7 8. 0-0 Be7 9. b3 0-0 10. Bb2 Re8 11. c4 cxd4 12. exd4 Bf8 13. Ne5 g6 14. Rac1 Rc8 15. Rfd1 Bg7 16. Ndf3 Rc7 17. Nxd7 Nxd7 18. Ne5 Nxe5 19. dxe5 Bh6 20. Rc2 Qa8 21. f3 Rec8 22. Bc1 Bg7 23. Bg5 dxc4 24. Rxc4 Bd5 25. Rxc7 Rxc7 26. Bc4 Rd7 27. Bb5 Rc7 28. Bc4 h6 29. Bxd5 exd5 30. Bf4 Re7 31. Qb2 Qc6 32. h3 g5 33. Bg3 Qc5+ 34. Kh2 Rd7 35. Qb1 d4 36. Qf5 Rd8 37. f4 gxf4 38. Bxf4 Re8 39. Rd3 Bxe5 40. Rg3+ Kf8 41. Bxh6+ Ke7 42. Bg5+ Kd6 43. Bf4 f6 44. Rg6 Re6 45. Rg8 Bxf4+ 46. Qxf4+ Qe5 47. Rd8+ Kc5 48. Rc8+ Rc6 49. Rxc6+ Kxc6 50. Kg3 Qe1+ 51. Kg4 Qe2+ 52. Qf3+ 1-0

[Event "Paris Oscaro blitz"]
[Site "Paris"]
[Date "2017.09.16"]
[Round "6"]
[White "Kosteniuk, Alexandra"]
[Black "Karagyozian, Edgar"]
[Result "1-0"]
[WhiteElo "2552"]
[BlackElo "2225"]
[PlyCount "101"]
[EventDate "2017.09.16"]
[EventType "swiss (blitz)"]
[EventRounds "9"]
[EventCountry "FRA"]
[SourceTitle "CBM 180 Extra"]
[Source "ChessBase"]
[SourceDate "2017.10.06"]
[SourceVersion "1"]
[SourceVersionDate "2017.10.06"]
[SourceQuality "1"]

1. e4 d5 2. exd5 Nf6 3. Bb5+ Bd7 4. Be2 Nxd5 5. d4 e6 6. Nf3 c5 7. 0-0 cxd4 8. Nxd4 Be7 9. Nf5 0-0 10. Nxe7+ Qxe7 11. c4 Nf6 12. Nc3 h6 13. Bf4 e5 14. Be3 Be6 15. a3 Nc6 16. b4 Rfd8 17. Qc2 Nd4 18. Bxd4 exd4 19. Na4 Rac8 20. Nc5 b6 21. Nxe6 fxe6 22. Bd3 e5 23. Rae1 Qd6 24. Qb3 Kh8 25. f3 Re8 26. Re2 Re7 27. Rfe1 Rce8 28. Qc2 a5 29. c5 Qc7 30. cxb6 Qxb6 31. Qc5 Qxc5 32. bxc5 Nd7 33. c6 Nf6 34. Rc1 Rc7 35. Rc5 a4 36. Bb5 Kg8 37. Rexe5 Rb8 38. Kf2 Kf7 39. Ke2 g5 40. Kd3 Ra7 41. Kxd4 Rd8+ 42. Ke3 Rc7 43. Bxa4 Ra8 44. Ra5 Rb8 45. Rab5 Rd8 46. Rb7 Rxb7 47. cxb7 Rb8 48. Bc6 g4 49. a4 gxf3 50. gxf3 Nh7 51. a5 1-0

[Event "Nancy Meurthe blitz"]
[Site "Nancy"]
[Date "2017.02.18"]
[Round "9"]
[White "Fridman, Daniel"]
[Black "Karagyozian, Edgar"]
[Result "1-0"]
[WhiteElo "2594"]
[BlackElo "2199"]
[PlyCount "69"]
[EventDate "2017.02.18"]
[EventType "swiss (blitz)"]
[EventRounds "11"]
[EventCountry "FRA"]
[SourceTitle "CBM 176 Extra"]
[Source "ChessBase"]
[SourceDate "2017.03.02"]
[SourceVersion "1"]
[SourceVersionDate "2017.03.02"]
[SourceQuality "1"]

1. Nf3 d5 2. d4 c6 3. c4 e6 4. Qc2 Nf6 5. g3 Ne4 6. Bg2 Bb4+ 7. Nbd2 Nxd2 8. Bxd2 Bxd2+ 9. Nxd2 0-0 10. Rd1 Nd7 11. 0-0 Nf6 12. b3 Qc7 13. Rfe1 Rd8 14. b4 a5 15. a3 Bd7 16. c5 Be8 17. Qc3 h6 18. Nb3 axb4 19. axb4 b6 20. Ra1 Nd7 21. cxb6 Qxb6 22. Na5 Nb8 23. Qc5 Qxc5 24. bxc5 Kf8 25. Reb1 Ra7 26. Nb7 Rxa1 27. Rxa1 Rc8 28. Nd6 Rd8 29. Ra8 Ke7 30. e3 Nd7 31. Ra7 Rb8 32. Bf1 Kd8 33. Nb7+ Kc7 34. Na5+ Kc8 35. Ba6+ 1-0

[Event "Nancy Meurthe blitz"]
[Site "Nancy"]
[Date "2017.02.18"]
[Round "6"]
[White "Nevednichy, Vladislav"]
[Black "Karagyozian, Edgar"]
[Result "1-0"]
[WhiteElo "2548"]
[BlackElo "2199"]
[PlyCount "146"]
[EventDate "2017.02.18"]
[EventType "swiss (blitz)"]
[EventRounds "11"]
[EventCountry "FRA"]
[SourceTitle "CBM 176 Extra"]
[Source "ChessBase"]
[SourceDate "2017.03.02"]
[SourceVersion "1"]
[SourceVersionDate "2017.03.02"]
[SourceQuality "1"]

1. e4 d5 2. exd5 Nf6 3. d4 Nxd5 4. Nf3 e6 5. c4 Nf6 6. Nc3 c5 7. d5 exd5 8. cxd5 a6 9. a4 Bd6 10. Bg5 0-0 11. Be2 Bf5 12. 0-0 Nbd7 13. a5 h6 14. Bh4 Qc7 15. Bg3 Rfe8 16. Nd2 Ne5 17. Re1 Rad8 18. Nc4 Nxc4 19. Bxc4 Rxe1+ 20. Qxe1 Re8 21. Qd1 Bxg3 22. hxg3 Qd6 23. Qb3 Re7 24. Rd1 Ng4 25. Qb6 Qe5 26. Qxc5 Rc7 27. Qd4 Qd6 28. Be2 Nf6 29. Qf4 Qxf4 30. gxf4 Rc5 31. d6 Rxa5 32. Bf3 b6 33. g4 Bd7 34. Kg2 Rc5 35. Kg3 Kf8 36. Rd4 a5 37. Be2 b5 38. f3 b4 39. Nd1 Rc2 40. Bc4 Ne8 41. b3 h5 42. Ne3 Rb2 43. gxh5 Nf6 44. Nd5 Nxh5+ 45. Kh4 Rh2+ 46. Kg5 f6+ 47. Nxf6 Nxf6 48. f5 Rh5+ 49. Kf4 Rh4+ 50. Ke5 Rxd4 51. Kxd4 Ke8 52. Kc5 a4 53. bxa4 Bxa4 54. Kxb4 Kd7 55. Kc5 Bd1 56. Be6+ Kd8 57. f4 Bg4 58. Kd4 Ne8 59. Ke5 Nf6 60. Kd4 Nd7 61. Kd5 Nf6+ 62. Ke5 Bh5 63. Kd4 Be8 64. Ke5 Bc6 65. Kd4 Bd7 66. Ke5 Ke8 67. Kd4 Nh5 68. Ke5 Ng3 69. f6 Nh5 70. Bxd7+ Kf7 71. Be6+ Ke8 72. f7+ Kf8 73. d7 Nf6 1-0

[Event "Pyramides FFE GP op 5th"]
[Site "Le Port Marly"]
[Date "2016.11.12"]
[Round "7"]
[White "Karagyozian, Edgar"]
[Black "Samoun, Florent"]
[Result "1-0"]
[WhiteElo "2210"]
[BlackElo "2270"]
[PlyCount "151"]
[EventDate "2016.11.12"]
[EventType "swiss"]
[EventRounds "9"]
[EventCountry "FRA"]
[SourceTitle "EXT 2018"]
[Source "ChessBase"]
[SourceDate "2017.10.13"]
[SourceVersion "1"]
[SourceVersionDate "2017.10.13"]
[SourceQuality "1"]

1. d4 Nf6 2. Nf3 e6 3. Nbd2 c5 4. e3 b6 5. Bd3 Bb7 6. 0-0 Be7 7. Qe2 Nc6 8. dxc5 bxc5 9. c3 0-0 10. e4 d6 11. Rd1 Qc7 12. Nf1 Nd7 13. Ng3 Nde5 14. Nxe5 Nxe5 15. Bc2 a5 16. f4 Nd7 17. Be3 Rfd8 18. Qg4 g6 19. f5 Nf6 20. Qh3 exf5 21. exf5 d5 22. Bg5 d4 23. fxg6 hxg6 24. cxd4 Rxd4 25. Rxd4 cxd4 26. Bb3 Qe5 27. Qh6 Nd5 28. Bd2 Bf8 29. Qh3 a4 30. Re1 Ne3 31. Bd1 Bg7 32. Nf1 Qb5 33. Nxe3 dxe3 34. Bxe3 Qxb2 35. Re2 Qa1 36. Qd7 Bc6 37. Qxc6 Qxd1+ 38. Kf2 Rd8 39. Qc2 Qd7 40. Rd2 Qe7 41. Rxd8+ Qxd8 42. Qxa4 Qf6+ 43. Kg1 Qa1+ 44. Kf2 Qb2+ 45. Kf3 Be5 46. Qe8+ Kg7 47. g3 Bf6 48. Qa4 Qxh2 49. Qc4 Qh1+ 50. Kf2 Qh2+ 51. Kf3 Qh1+ 52. Kf2 Qh2+ 53. Kf3 Qh1+ 54. Ke2 Qg2+ 55. Bf2 Qh3 56. a4 Qd7 57. Qb5 Qe6+ 58. Kf1 Qh3+ 59. Kg1 Qg4 60. a5 Qd1+ 61. Kg2 Qd2 62. Qa4 Qd5+ 63. Kg1 Qa8 64. a6 Be5 65. a7 Kh7 66. Qd7 Qe4 67. Qxf7+ Kh6 68. Qf8+ Bg7 69. a8Q Qb1+ 70. Kg2 Bxf8 71. Qxf8+ Kh7 72. Qe7+ Kg8 73. Qe6+ Kh7 74. Qf7+ Kh6 75. Be3+ Kh5 76. Qd5+ 1-0

[Event "FRA-ch blitz 13th"]
[Site "Nancy"]
[Date "2015.02.21"]
[Round "10"]
[White "Karagyozian, Edgar"]
[Black "Bauer, Christian"]
[Result "0-1"]
[WhiteElo "2137"]
[BlackElo "2651"]
[PlyCount "138"]
[EventDate "2015.02.21"]
[EventType "swiss (blitz)"]
[EventRounds "11"]
[EventCountry "FRA"]
[SourceTitle "CBM 164 Extra"]
[Source "ChessBase"]
[SourceDate "2015.03.02"]
[SourceVersion "1"]
[SourceVersionDate "2015.03.02"]
[SourceQuality "1"]

1. d4 d6 2. Nf3 g6 3. e4 Nf6 4. Bd3 Bg7 5. 0-0 0-0 6. Qe2 Bg4 7. h3 Bxf3 8. Qxf3 Nc6 9. c3 e5 10. d5 Ne7 11. Qe2 Nh5 12. g3 Qe8 13. g4 Nf4 14. Bxf4 exf4 15. Qf3 g5 16. Qg2 Ng6 17. f3 c6 18. dxc6 bxc6 19. Nd2 Rb8 20. Rab1 Rb7 21. Nc4 Qe7 22. Bc2 d5 23. Nd2 d4 24. cxd4 Bxd4+ 25. Kh2 Bxb2 26. Bb3 Bd4 27. Nc4 Kg7 28. Rbc1 c5 29. Qc2 Nh4 30. Qe2 Rd8 31. Rcd1 Rbd7 32. Na5 Rd6 33. Qc2 h5 34. gxh5 Rh8 35. Bd5 Rxh5 36. Nc6 Rxc6 37. Rxd4 Rch6 38. Rd2 Ng6 39. Kg1 Rxh3 40. Rg2 Qe5 41. Qd2 Rg3 42. Bb3 Qd4+ 43. Qxd4+ cxd4 44. Rd1 Rxg2+ 45. Kxg2 Nh4+ 46. Kf2 Rd6 47. Bd5 Rb6 48. Rd2 Kf6 49. a4 a5 50. Bc4 Ke5 51. Bb5 Rd6 52. Rc2 d3 53. Rd2 f5 54. exf5 Nxf5 55. Rxd3 Rxd3 56. Bxd3 Ne3 57. Ke2 Kd4 58. Bg6 Nc4 59. Kf2 Kc3 60. Kg2 Kb4 61. Be8 Nb6 62. Kh3 Nxa4 63. Kg4 Nc3 64. Kxg5 Ne2 65. Kf5 a4 66. Ke4 a3 67. Bf7 Kc3 68. Bg8 Kb2 69. Kd3 Nc1+ 0-1

[Event "FRA-ch blitz 13th"]
[Site "Nancy"]
[Date "2015.02.21"]
[Round "4"]
[White "Karagyozian, Edgar"]
[Black "Fedorchuk, Sergey A"]
[Result "0-1"]
[WhiteElo "2137"]
[BlackElo "2648"]
[PlyCount "92"]
[EventDate "2015.02.21"]
[EventType "swiss (blitz)"]
[EventRounds "11"]
[EventCountry "FRA"]
[SourceTitle "CBM 164 Extra"]
[Source "ChessBase"]
[SourceDate "2015.03.02"]
[SourceVersion "1"]
[SourceVersionDate "2015.03.02"]
[SourceQuality "1"]

1. d4 Nf6 2. Nf3 e6 3. Nbd2 c5 4. e3 b6 5. Bd3 Bb7 6. 0-0 cxd4 7. exd4 Be7 8. Qe2 d6 9. c3 a6 10. Re1 Nbd7 11. Ne4 Qc7 12. Ng3 0-0 13. Ng5 Rfe8 14. Nh5 Bf8 15. Nxf6+ Nxf6 16. Bf4 Qc6 17. f3 b5 18. Ne4 Nd5 19. Bd2 e5 20. dxe5 dxe5 21. Rad1 Nf4 22. Bxf4 exf4 23. Qc2 h6 24. Nf2 Bc5 25. Be4 Qb6 26. Bxb7 Qxb7 27. Kf1 Bxf2 28. Qxf2 b4 29. c4 b3 30. a3 Qc6 31. Qd4 g5 32. c5 Rac8 33. Qd6 Rxe1+ 34. Rxe1 Qxc5 35. Qxh6 Qb5+ 36. Kg1 Qf5 37. h4 g4 38. fxg4 Qxg4 39. Qg5+ Qxg5 40. hxg5 Rc2 41. Re4 Rxb2 42. Rxf4 a5 43. Kh2 Ra2 44. Rf5 a4 45. Kh3 Rxa3 46. Rb5 b2+ 0-1

[Event "Le Port Marly Paribas blitz op"]
[Site "Le Port Marly"]
[Date "2014.??.??"]
[Round "6"]
[White "Ider, Borya"]
[Black "Karagyozian, Edgar"]
[Result "0-1"]
[WhiteElo "2379"]
[BlackElo "2017"]
[PlyCount "192"]
[EventDate "2014.06.14"]
[EventType "swiss (blitz)"]
[EventRounds "15"]
[EventCountry "FRA"]
[SourceTitle "EXT 2015"]
[Source "ChessBase"]
[SourceDate "2014.11.20"]
[SourceVersion "1"]
[SourceVersionDate "2014.11.20"]
[SourceQuality "1"]

1. d4 d5 2. Nf3 e6 3. g3 Nf6 4. c4 c6 5. Qc2 Be7 6. Bg2 0-0 7. 0-0 b6 8. Nbd2 Bb7 9. Rd1 Nbd7 10. e4 dxe4 11. Nxe4 Nxe4 12. Qxe4 Nf6 13. Qc2 Qc8 14. c5 Rd8 15. Bg5 Qc7 16. Bf4 Qc8 17. a3 Nd5 18. Bg5 Qc7 19. Rac1 b5 20. h4 h6 21. Bxe7 Qxe7 22. Nd2 Nf6 23. Ne4 Nxe4 24. Bxe4 Rd7 25. Rd2 Rad8 26. Rcd1 Qf6 27. Qc3 a6 28. Qa5 g5 29. hxg5 hxg5 30. Qc3 Kg7 31. Qe3 Rh8 32. Bg2 Rhd8 33. Rd3 Qg6 34. Qe5+ Qf6 35. Qe3 Qg6 36. Be4 f5 37. Bg2 Qf6 38. f4 gxf4 39. Qxf4 Kf7 40. Kf2 Rg8 41. Bf3 Qg5 42. Rh1 Qxf4 43. gxf4 Kf6 44. Rh6+ Rg6 45. Rxg6+ Kxg6 46. Rd1 Kf6 47. Ke3 Rh7 48. Rh1 Rxh1 49. Bxh1 a5 50. Kf2 Kg6 51. Kg3 Ba8 52. Kh4 Bb7 53. Bg2 Ba8 54. Bf3 Bb7 55. Bh5+ Kf6 56. Be8 Ke7 57. Bg6 Kf6 58. Kh5 a4 59. Kh6 Bc8 60. Bh5 Bd7 61. Kh7 Ke7 62. Kg7 Bc8 63. Bf3 Bb7 64. Kg6 Ba8 65. Be2 Bb7 66. Bd3 Ba8 67. d5 exd5 68. Kxf5 Bb7 69. Ke5 Bc8 70. f5 Bd7 71. Be2 Be8 72. f6+ Kf7 73. Bg4 Kg6 74. Bf5+ Kf7 75. Bh7 Kf8 76. Bf5 Kf7 77. Be6+ Kg6 78. Bg8 Bf7 79. Bxf7+ Kxf7 80. Kf5 d4 81. Ke4 Kxf6 82. Kxd4 Kf5 83. Kc3 Ke5 84. Kc2 Kd4 85. Kd2 Kxc5 86. Kc3 Kb6 87. Kb4 c5+ 88. Kc3 Kc6 89. Kc2 Kd5 90. Kd3 Ke5 91. Ke3 Kd5 92. Kd3 b4 93. axb4 cxb4 94. Kc2 Kc4 95. Kb1 Kd3 96. Ka1 Kc2 0-1